Statistics for English Football in the 2000s

Click here to take the quiz!

General Stats

  • This quiz has been taken 41 times
  • The average score is 59 of 80

Answer Stats

HintAnswer% Correct
1999/00 | 2000/01 | 2002/03 | +6 othersManchester United
100%
2001/02 | 2003/04 | Charity Shield | FA CupArsenal
100%
2004/05 | 2005/06 | Charity Shield | +2 othersChelsea
97%
Charity Shield | FA Cup | League CupLiverpool
92%
Second TierManchester City
86%
League CupBlackburn Rovers
86%
FA Cup | Second TierPortsmouth
83%
Third TierWigan Athletic
81%
Second TierSunderland
81%
Second TierNorwich City
78%
League CupTottenham Hotspur
78%
Second TierFulham
75%
League Cup | Third TierLeicester City
72%
Second TierWolverhampton Wanderers
67%
League CupMiddlesbrough
67%
Second TierWest Bromwich Albion
67%
Football League Trophy | Fourth Tier | Third TierSwansea City
67%
Football League TrophyStoke City
58%
Third TierMillwall
58%
Football League TrophyBlackpool
58%
Second TierReading
56%
Fourth Tier | Third TierBrighton & Hove Albion
53%
Football League TrophyBristol City
50%
Second TierCharlton Athletic
50%
Football League Trophy | Third TierLuton Town
47%
Fourth Tier | Third TierPlymouth Argyle
47%
Football League Trophy | Fourth TierMilton Keynes Dons
42%
Football League TrophyPort Vale
39%
Football League Trophy | Fourth TierDoncaster Rovers
39%
Third TierPreston North End
39%
Third TierScunthorpe United
33%
Fourth TierYeovil Town
33%
Fourth TierBrentford
31%
Fourth TierWalsall
28%
Football League TrophyWrexham
28%
Fourth TierCarlisle United
25%
Third TierSouthend United
25%
Fourth TierRushden & Diamonds
6%

Score Distribution

Percentile by Number Answered

Percent of People with Each Score

Your Score History

You have not taken this quiz